00833nam a2200229 a 450000100100000000500170001000800410002702000150006804000130008308200190009610000180011524500770013326000550021030000280026550000210029350000550031465000450036965000340041465000330044865100560048165100660053700000463920200929151456.0090724s2004 xxua 001 0 spa d a0292702310 aDO-SdBNP a780.972bP371m1 aPedelty, Mark10aMusical ritual in Mexico City :bfrom de Aztec to nafta /cMark Pedelty. aAustin, Texas :bUniversity of Texas Press,c2004. a340 p. :bil. ;c24 cm. aIncluye índice aIncluye referencias bibliográficas ( p. 321-333) 4aMúsicazMéxicoxHistoria y crítica 4aMúsicaxAspectos religiosos 4aRitos y cereminiaszMéxico 4aCiudad De México (México{Rpara}xCivilización 4aCiudad De México (México{Rpara}xVida Social Y Costumbres